00441nam a2200157Ia 4500008004100000040001900041041001200060082002500072100001600097245006200113260003300175300002500208650001400233700001800247850001800265131103s9999 xx 000 0 und d aLoreto College aEnglish a913/DISbLCBED/11093 aD'Souja, L. aDiscovery geographyb book II cL. D'Souja & J. Balagopal aMadrasbOrient Longmanc1984 a135p.b ill.c 23cm. aGeography aBalagopal, J. aLCBED/913/DIS